000 00596nam a22002057a 4500
005 20251108172805.0
008 250721s2003 xx 000 0 ara d
082 1 4 _aط/372.3/هاج
100 1 _aهاجر، عبدالسلام
245 1 0 _aبطئ وسريع /
264 1 _aبيروت :
_bمؤسسة المعارف،
_c2003.
300 _a29ص
490 0 _aسلسلة اقرا عن
650 1 7 _aوسائل التدريس
650 1 7 _aالتعلم
650 1 7 _aالأطفال
653 _aاطفال مرحله متوسطه (6-9) سنوات
942 _2ddc
_cBK
999 _c88549
_d88549